| 000 | 00832cam a2200253 a 4500 | ||
|---|---|---|---|
| 005 | 20160220115227.0 | ||
| 008 | 970410s1981 sp a r 00110 spa d | ||
| 020 | _a8470312782 | ||
| 040 |
_aoe _coe _dla _dCO-BoIAVH |
||
| 041 | 1 |
_aspa _heng |
|
| 044 | _asp | ||
| 082 | 0 | 4 |
_a635.965 _bL65g3 |
| 100 | 1 | _aLongman, David. | |
| 245 | 1 | 0 |
_aGuía practica ilustrada para el Jardín _cDavid Longman ; traducción Dolores Díez. |
| 260 |
_aBarcelona : _bEditorial Blume, _c1981. |
||
| 300 |
_a196 páginas : _bilustraciones ; _c28 x 22 cm. |
||
| 504 | _aIncluye glosario e índice. | ||
| 534 |
_pTítulo orginal. _tThe care of house plants. |
||
| 650 | 6 |
_aBotánica _v Nomencladores. |
|
| 650 | 6 | _aBulbo | |
| 650 | 6 | _aPlantas de macetas | |
| 700 | 1 |
_aDiez, Dolores, _etr. |
|
| 942 |
_2ddc _cLIBRO |
||
| 999 |
_c1340 _d1340 |
||